MDQL
is popping MORE tags! Check the
thread
!
Quizzes
Events
Quiz Creation
Community
Videos
Private Events
Remove Ads
Sign In
Join for FREE
Feedback
Dark Mode
Quiz Categories
Sports
Geography
Music
Movies
Television
Just For Fun
Miscellaneous
History
Literature
Language
Science
Gaming
Entertainment
Religion
Holiday
For Kids
Quiz Lab
Recent
Popular Today
Quiz Kudos Today
Editor Picks
Curator Picks
Quizzes by...
Day
Popularity
Type
Ratings
Length
Year
Community
Subscriptions
Recent Discussions
Orange Saloon
Badges
Playlists
Quests
Create
Leaderboards
Showdown
Live 5
Trivia Bingo
Activity
Puzzle Library
Sporcle Events
Private Events
Virtual Trivia
Globe League
Become a Host
Pub Owners
SporcleCon
Opinionation
Our Games
Videos
Blog
Mobile Apps
Partnerships
Remove Ads and Go Orange
Feedback
Sports
Athletes
MLB
NBA
NHL
NFL
Soccer
Sports Teams
WWE
NCAA
Football
Premier League
Basketball
Baseball
Hockey
Golf
Tennis
Cricket
Rugby
Auto Racing
Olympics
World Cup
Sports
Athletes
MLB
NBA
NHL
NFL
Soccer
Sports Teams
WWE
NCAA
Football
Premier League
Basketball
Baseball
Hockey
Golf
Tennis
Cricket
Rugby
Auto Racing
Olympics
World Cup
Random Quiz
Search Sporcle
×
Quiz Lab
Quiz Lab
Sports
World Cup
Type in answers that appear in a list
Type in answers that appear in a list
Classic
Best Score? Go Orange.
First XI: Mancini - Italy Stats
Can you name Mancini's XI's in the given Competitions?
By
ol98
8m
66 Questions
810 Plays
810 Plays
810 Plays
Comments
Comments
Give Quiz Kudos
Give Quiz Kudos
-
- Ratings
hide this ad
More Info
Replay
Link that replays current quiz
Next Quiz
Link to next quiz in quiz playlist
You Got
0%
They Got
Avg Score
58%
Avg Friend Score
Upgrade to see
Score Distribution
Jump to the score distribution portion of the page
Score
0/66
Timer
08:00
0
Plays Today
Team and Competition
Player Name
% Correct
Northern Ireland, World Cup 2022 Qualifying
Gianluigi Donnarumma
100%
Turkey, Euro 2020
Gianluigi Donnarumma
100%
Argentina, CONMEBOL– UEFA Cup of Champions 2022
Gianluigi Donnarumma
100%
Saudi Arabia, Friendly 2018
Gianluigi Donnarumma
99.1%
Poland, Nations League 2018
Gianluigi Donnarumma
99.1%
Finland, Euro 2020 Qualifying
Gianluigi Donnarumma
99.1%
Turkey, Euro 2020
Leonardo Bonucci
98.8%
Argentina, CONMEBOL– UEFA Cup of Champions 2022
Leonardo Bonucci
98.6%
Turkey, Euro 2020
Jorginho
98.6%
Northern Ireland, World Cup 2022 Qualifying
Leonardo Bonucci
98.5%
Turkey, Euro 2020
Giorgio Chiellini
98.3%
Argentina, CONMEBOL– UEFA Cup of Champions 2022
Giorgio Chiellini
98.2%
Argentina, CONMEBOL– UEFA Cup of Champions 2022
Jorginho
98.2%
Northern Ireland, World Cup 2022 Qualifying
Giorgio Chiellini
98%
Saudi Arabia, Friendly 2018
Leonardo Bonucci
97.8%
Poland, Nations League 2018
Leonardo Bonucci
97.8%
Finland, Euro 2020 Qualifying
Leonardo Bonucci
97.8%
Turkey, Euro 2020
Ciro Immobile
97.1%
Northern Ireland, World Cup 2022 Qualifying
Lorenzo Insigne
96.7%
Northern Ireland, World Cup 2022 Qualifying
Ciro Immobile
96.7%
Poland, Nations League 2018
Giorgio Chiellini
96.7%
Finland, Euro 2020 Qualifying
Giorgio Chiellini
96.7%
Saudi Arabia, Friendly 2018
Jorginho
96.5%
Poland, Nations League 2018
Jorginho
96.5%
Finland, Euro 2020 Qualifying
Jorginho
96.5%
Turkey, Euro 2020
Lorenzo Insigne
96.3%
Finland, Euro 2020 Qualifying
Ciro Immobile
95.3%
Saudi Arabia, Friendly 2018
Lorenzo Insigne
95.2%
Poland, Nations League 2018
Lorenzo Insigne
95.2%
Argentina, CONMEBOL– UEFA Cup of Champions 2022
Emerson
95%
Northern Ireland, World Cup 2022 Qualifying
Emerson
94.7%
Northern Ireland, World Cup 2022 Qualifying
Marco Verratti
94.7%
Finland, Euro 2020 Qualifying
Marco Verratti
94.2%
Team and Competition
Player Name
% Correct
Argentina, CONMEBOL– UEFA Cup of Champions 2022
Nicolò Barella
92.3%
Turkey, Euro 2020
Nicolò Barella
91.4%
Argentina, CONMEBOL– UEFA Cup of Champions 2022
Andrea Belotti
90.5%
Saudi Arabia, Friendly 2018
Mario Balotelli
90.4%
Poland, Nations League 2018
Mario Balotelli
90.4%
Turkey, Euro 2020
Alessandro Florenzi
90.2%
Northern Ireland, World Cup 2022 Qualifying
Alessandro Florenzi
90.1%
Saudi Arabia, Friendly 2018
Davide Zappacosta
88.5%
Poland, Nations League 2018
Davide Zappacosta
88.5%
Argentina, CONMEBOL– UEFA Cup of Champions 2022
Giovanni Di Lorenzo
87.7%
Argentina, CONMEBOL– UEFA Cup of Champions 2022
Federico Bernardeschi
86.4%
Turkey, Euro 2020
Domenico Berardi
85.9%
Northern Ireland, World Cup 2022 Qualifying
Domenico Berardi
84.8%
Poland, Nations League 2018
Federico Bernardeschi
84.3%
Finland, Euro 2020 Qualifying
Federico Bernardeschi
84.3%
Saudi Arabia, Friendly 2018
Alessandro Florenzi
83.7%
Turkey, Euro 2020
Manuel Locatelli
78.4%
Saudi Arabia, Friendly 2018
Alessio Romagnoli
76.3%
Turkey, Euro 2020
Leonardo Spinazzola
75.2%
Northern Ireland, World Cup 2022 Qualifying
Lorenzo Pellegrini
75.2%
Northern Ireland, World Cup 2022 Qualifying
Manuel Locatelli
74.7%
Finland, Euro 2020 Qualifying
Nicolò Barella
73.6%
Saudi Arabia, Friendly 2018
Lorenzo Pellegrini
69.9%
Poland, Nations League 2018
Lorenzo Pellegrini
69.9%
Saudi Arabia, Friendly 2018
Domenico Criscito
66.4%
Finland, Euro 2020 Qualifying
Moise Kean
59.1%
Argentina, CONMEBOL– UEFA Cup of Champions 2022
Giacomo Raspadori
55%
Argentina, CONMEBOL– UEFA Cup of Champions 2022
Matteo Pessina
49.1%
Poland, Nations League 2018
Roberto Gagliardini
44.9%
Poland, Nations League 2018
Cristiano Biraghi
42.1%
Finland, Euro 2020 Qualifying
Cristiano Biraghi
42.1%
Finland, Euro 2020 Qualifying
Cristiano Piccini
38.8%
Saudi Arabia, Friendly 2018
Matteo Politano
32.6%
Quiz Playlist
Details
Report
Send in Message
Add To Playlist
More Info:
Can you name the lineups for Mancini's first Italy games in the given competitions.
Classic:
Type in answers that appear in a list
Quiz Source
Last Updated: Mar 28, 2023
Quiz Scoreboard
CHALLENGE
Sign Up to Join the Scoreboard
Show All
Scores
Hide
Comments
May contain spoilers
Recently Published
Find the 'City' Movie
by crazypaving
Movies
60s
5x2 Blitz: Bands
by SL_Kpop136
Music
30s
Colored Red Africa Blitz
by spor1
Geography
30s
More to Explore
Quiz From the Vault
Featured Blog Post
14 Easter Pick-up Lines to Find Eggs With
hide this ad
You Might Also Like...
Tags
Football Quiz
Soccer Quiz
World Cup Quiz
Euro 2020
Italy
UEFA Nations League
Today's Top Quizzes in Sports
Browse Sports
hide this ad
Today's Top Quizzes in World Cup
Browse World Cup
Top Contributed Quizzes in Sports
1
Players with Multiple 50 Home Run Seasons
2
Criteria MLB: Left Handed Sluggers
3
MLB Players with Two .350 Batting Average Seasons
4
Who Hit More Homers?
5
Premier League Clubs since 2000 (minefield)
6
Who Needs Fielders?
7
2020 F1 Drivers Logic Puzzle
8
Les entraîneurs de l'OM et du PSG au 21e siècle
9
Top 10 NHL Goal Scorers of All Time
10
MLB Hall of Famer by Rings
Explore More
Trending Topics
Harry Potter
Anime
Disney
Kpop
NBA
Crossword
Marvel
Puzzle
Country
Soccer
The Office
Pokémon
Song
NFL
WWE
hide this ad
More By:
ol98
Quiz
Plays
Rating
Category
Featured
Created
Champions League Quiz 2018/19
175,801
2.53
Sports
Jun 7, 2019
Premier League Golden Boot Runners Up
33,820
4.76
Sports
Aug 1, 2019
Ballon d'Or Without Messi and Ronaldo
23,756
5.00
Sports
Feb 27, 2020
World Cup 2018 Quiz
19,438
2.80
Sports
Jun 9, 2019
Lionel Messi's 4+ Goals XI's
13,204
5.00
Sports
Dec 22, 2019
Go to Creator's Profile
Score Distribution
Quiz Creator Spotlight
ol98
Follow
Send a Message
Quizzes Created
-
Created Quiz Play Count
-
More By This Creator
Popular Quizzes Today
1
Find the 'City' Movie
2
Colored Red Africa Blitz
3
5x2 Blitz: Bands
4
Find the US States - No Outlines Minefield
5
The Countries of the World
6
Find the US States
7
US States
8
9x9 Crossword: Cartoon Network
More Sports Quizzes
NBA Playoffs Leaders (2010s)
Quiz Lab
Trending Quizzes
Colored Red Europe Blitz I
Colored Red Africa Blitz II
Colored Red Europe Blitz II
Colored Red Europe Blitz III
Colored Red Africa Blitz III
Recently Updated
Famous TV Couples
Peacemaker
Champions League XIs: Real Madrid
pecheneg
Largest US Cities 1790-2010
pecheneg
Rides in Walt Disney World
pecheneg
Most Oscar Losses (Acting)
pecheneg
Beyoncé Albums
pecheneg
Leaping Animals
pecheneg
Reality TV Shows (A-Z)
bhenderson79
Rickey Henderson's Hall of Fame Teammates
pecheneg
Champions League XIs: Arsenal
pecheneg
Trending Topics
Harry Potter
Anime
Crossword
Marvel
Disney
NBA
Kpop
Pokémon
The Office
WWE
Song
Country
Puzzle
Soccer
NFL
Your Account Isn't Verified!
In order to create a playlist on Sporcle, you need to verify the email address you used during registration. Go to your
Sporcle Settings
to finish the process.
Report this User
Report this user for behavior that violates our
Community Guidelines
.
Details:
Send Report
Go to the Sporcle.com Mobile Site →
Comments